000 00338nam a2200133Ia 4500
005 20260328101448.0
008 260328s9999||||xx |||||||||||||| ||und||
100 _aGoldberger, Paul
245 0 _aRichard Haas :
_b An Architecture of illusion /
_cPaul Goldberger
260 _bRizzoli
300 _a160 p.
650 _aPINTURA
942 _cBK
999 _c8529
_d8529